Szczegóły MARC21

Główne tendencje w polskiej krytyce sztuki : (na podstawie wybranych czasopism literackich i artystycznych od połowy XIX wieku do współczesności) /

003 -Nazwa inst., której nr kontr. jest w polu 001 [,]
    • @
    • Nazwa instytucji, której n kontrolny jest w polu 001
    • NUKAT
005 -DATA I CZAS OSTATNIEJ MODYFIKACJI [,]
    • @
    • pole kontrolne
    • 20241231094226.0
020 -Międzynarod. znormalizowany nr książki - ISBN [ , ]
    • a
    • Numer ISBN
    • 837271147X Find
040 -Instytucja sporządzająca opis [ , ]
    • a
    • Instytucja, która sporządziła opis (NP)
    • GD PAN/EC
    • c
    • Instytucja, która sporządziła rekord (NP)
    • GD PAN/EC
    • d
    • Instytucja, która zmodyfikowała rekord (P)
    • GD PAN/KM
    • d
    • Instytucja, która zmodyfikowała rekord (P)
    • GD PAN/JSs
    • d
    • Instytucja, która zmodyfikowała rekord (P)
    • KR 119/MOK
    • d
    • Instytucja, która zmodyfikowała rekord (P)
    • KR 119/jz
942 -Rodzaj dokumentu [ , ]
    • c
    • Rodzaj dokumentu
    • Książka
100 -Hasło główne - nazwa osobowa [1, ]
    • a
    • Nazwa osobowa (NP)
    • Kruczkowska, Zofia.
    • 9
    • KHW
    • 662650
245 -Strefa tytułu i oznaczenia odpowiedzialności [1,0]
    • a
    • Tytuł
    • Główne tendencje w polskiej krytyce sztuki : Find
    • b
    • Ciąg dalszy tytułu (NP)
    • (na podstawie wybranych czasopism literackich i artystycznych od połowy XIX wieku do współczesności) / Find
    • c
    • Pozostałe elementy strefy tytułu i oznaczenia odpowiedzialności (NP)
    • Zofia Kruczkowska.
260 -Strefa adresu wydawniczego [ , ]
    • a
    • Miejsce wydania (P)
    • Kraków :
    • b
    • Nazwa wydawcy (P)
    • Wydawnictwo Naukowe AP,
    • c
    • Data wydania (P)
    • 2002.
300 -Strefa opisu fizycznego [ , ]
    • a
    • Określenie formy książki i/lub objętość (NP)
    • 201, [3] s., [8] s. tabl. :
    • b
    • Oznaczenie ilustracji (NP)
    • il. ;
    • c
    • Format (NP)
    • 24 cm.
336 -Typ zawartości [ , ]
    • a
    • Termin opisujący typ zawartości
    • Tekst
    • b
    • Kod określający zawartość
    • txt
    • 2
    • Źródło (terminu i kodu)
    • rdacontent
337 -Typ mediów [ , ]
    • a
    • Tryb odtwarzania
    • Bez urządzenia pośredniczącego
    • b
    • Kod typu mediów
    • n
    • 2
    • Źródło (terminu i kodu)
    • rdamedia
338 -Typ/rodzaj nośnika [ , ]
    • a
    • Hasło opisujące typ nośnika
    • Wolumin
    • b
    • Kod typu nośnika
    • nc
    • 2
    • Źródło (terminu i kodu)
    • rdacarrier
490 -Strefa serii i książki wielotomowej - forma nie do wyszukiwania [1, ]
    • a
    • Tytuł (P)
    • Prace Monograficzne / Akademia Pedagogiczna im. Komisji Edukacji Narodowej w Krakowie ; Find
    • v
    • Numeracja (P)
    • nr 327
830 -Hasło dodatkowe serii i opisu książki wielotomowej - tytuł ujednolicony/tytuł [ ,0]
    • a
    • Tytuł ujednolicony/tytuł (NP)
    • Prace Monograficzne - Akademia Pedagogiczna im. Komisji Edukacji Narodowej w Krakowie
    • x
    • ISSN
    • 2450-7857
    • v
    • Oznaczenie tomu (NP)
    • nr 327
    • 9
    • KHW
    • 353
500 -Uwaga ogólna [ , ]
    • a
    • Uwaga ogólna (NP)
    • ISSN 0239-6025 odnosi się do pierwotnego tyt. serii: Prace Monograficzne Wyższej Szkoły Pedagogicznej w Krakowie.
504 -Uwaga dot. bibliogr. załącznikowej [ , ]
    • a
    • Uwaga dot. bibliografii załącznikowej
    • Bibliogr. s. 185-193. Indeks.
530 -Uwaga dot. innej postaci fizycznej dokumentu [ , ]
    • a
    • Uwaga dot. innej postaci fizycznej dokumentu
    • Dostępne również w wersji elektronicznej.
080 -Uniwersalna Klasyfikacja Dziesiętna [ , ]
    • a
    • Symbol klasyfikacji
    • 7.072(438)
080 -Uniwersalna Klasyfikacja Dziesiętna [ , ]
    • a
    • Symbol klasyfikacji
    • :7.01(438)
080 -Uniwersalna Klasyfikacja Dziesiętna [ , ]
    • a
    • Symbol klasyfikacji
    • :111.852(438)
080 -Uniwersalna Klasyfikacja Dziesiętna [ , ]
    • a
    • Symbol klasyfikacji
    • :37.036(438)
650 -Hasło przedmiotowe [ ,7]
    • a
    • Hasło przedmiotowe
    • Krytyka sztuki
    • z
    • Określnik geograficzny
    • Polska
    • y
    • Określnik chronologiczny
    • 19 w.
    • 2
    • Źródło terminu
    • kaba
    • 9
    • KHW
    • 438416
650 -Hasło przedmiotowe [ ,7]
    • a
    • Hasło przedmiotowe
    • Krytyka sztuki
    • z
    • Określnik geograficzny
    • Polska
    • y
    • Określnik chronologiczny
    • 20 w.
    • 2
    • Źródło terminu
    • kaba
    • 9
    • KHW
    • 353435
980 -Symbol UKD [ , ]
    • a
    • UKD
    • 7.072:7.01:111.852:37.036](438)
710 -Hasło dodatkowe - nazwa ciała zbiorowego [2, ]
    • a
    • Nazwa ciała zbiorowego lub nazwa geograficzna jako pierwszy element (NP)
    • Akademia Pedagogiczna im. Komisji Edukacji Narodowej (Kraków).
    • b
    • Nazwa jednostki podrzędnej (P)
    • Wydawnictwo Naukowe.
    • 4
    • Kod relacji
    • pbl
    • 9
    • KHW
    • 57482
856 -Dostęp do wersji elektronicznej [4,1]
920 -ISBN [ , ]
    • a
    • ISBN
    • 83-7271-147-X Find
Lokalizacja Data inwentaryzacji Status udost. Numer inwentarzowy
BG2002-10-301Pd.15398
BM2003-07-171P.18587